INFORME FINAL DE EJERCICIO PROFESIONAL SUPERVISADO REALIZADO EN “GRANJA CHISAC, S.A.” UBICADA EN EL MUNICIPIO DE TACTIC, ALTA VERAPAZ./ (Registro nro. 2278)

Detalles MARC
000 -LEADER
campo de control de longitud fija 03391nam a22003257a 4500
001 - NÚMERO DE CONTROL
campo de control TZ 0038
003 - IDENTIFICADOR DE NÚMERO DE CONTROL
campo de control gtcocun
005 - FECHA Y HORA DE LA ÚLTIMA TRANSACCIÓN
campo de control 20251007191333.0
006 - CÓDIGOS DE INFORMACIÓN DE LONGITUD FIJA--CARACTERÍSTICAS DEL MATERIAL ADICIONAL
campo de control de longitud fija a||||gr|||| 00| 0
007 - CAMPO FIJO DE DESCRIPCIÓN FÍSICA--INFORMACIÓN GENERAL
campo de control de longitud fija ta
008 - DATOS DE LONGITUD FIJA--INFORMACIÓN GENERAL
campo de control de longitud fija 251007b2010 gt ||||| m||| 00| 0 eng d
040 ## - FUENTE DE CATALOGACIÓN
Centro catalogador/agencia de origen gtcocun
Lengua de catalogación SPA
Centro/agencia transcriptor gtcocun
Normas de descripción RDA
041 ## - CÓDIGO DE IDIOMA
Código de lengua del texto/banda sonora o título independiente SPA TZ 0038
084 ## - OTRO NÚMERO DE CLASIFICACIÓN
Número de control del registro de autoridad o número normalizado TZ 0038
100 ## - ENTRADA PRINCIPAL--NOMBRE DE PERSONA
Nombre de persona Buenafé Pérez, Yessika Yadira
Término indicativo de función/relación Autor
245 ## - MENCIÓN DEL TÍTULO
Título INFORME FINAL DE EJERCICIO PROFESIONAL SUPERVISADO REALIZADO EN “GRANJA CHISAC, S.A.” UBICADA EN EL MUNICIPIO DE TACTIC, ALTA VERAPAZ./
Mención de responsabilidad, etc. Yessika Yadira Buenafé Pérez.
Medio Impreso
264 ## - PRODUCCIÓN, PUBLICACIÓN, DISTRIBUCIÓN, FABRICACIÓN Y COPYRIGHT
Producción, publicación, distribución, fabricación y copyright Cobán, Alta Verapaz:
Nombre del de productor, editor, distribuidor, fabricante Universidad de San Carlos de Guatemala, Centro Universitario del Norte,
300 ## - DESCRIPCIÓN FÍSICA
Extensión 56 p.:
Otras características físicas Ilustraciones, gráficas.
Dimensiones 28 cm;
336 ## - TIPO DE CONTENIDO
Fuente rdacontenido
Término de tipo de contenido Texto
Código de tipo de contenido txt
337 ## - TIPO DE MEDIO
Fuente rdamedio
Nombre/término del tipo de medio Computadora
Código del tipo de medio n
338 ## - TIPO DE SOPORTE
Fuente rdasoporte
Nombre/término del tipo de soporte Código en línea
Código del tipo de soporte cr
502 ## - NOTA DE TESIS
identificador de la tesis TZ 0038
502 ## - NOTA DE TESIS
Nota de tesis Tesis de grado
Tipo de título Zootecnia,
Nombre de la institución que otorga el título Universidad de San Carlos de Guatemala, Centro Universitario del Norte, Zootecnia
Año de obtención del título 2010
Identificador de la tesis TZ 0038
520 14 - RESUMEN, ETC.
Sumario, etc. La presente actividad de Ejercicio Profesional Supervisado impulsado por la Carrera de Zootecnia del Centro Universitario del Norte, CUNOR, se desarrolló en Granja Chisac S.A., que se localiza en el municipio de Tactic, Alta Verapaz, en donde se llevaron a cabo diversas actividades en beneficio de la empresa y de las comunidades aledañas a la explotación.<br/><br/>Luego de elaborar el diagnóstico de la institución, que permitió conocer debilidades y fortalezas de la empresa, se planificaron y ejecutaron varias actividades como: Manejo y actualización de costos de producción, participación en el manejo de aves en las diferentes etapas, pesajes de aves, elaboración de hoja de actividades a realizar dentro de cada galpón, control del programa de iluminación en el área de producción, actualización y manejo del inventario de vacunas, medicamentos e insumos, selección de aves, construcción de garita y sala de venta.<br/><br/>A lo largo del Ejercicio Profesional Supervisado se efectuaron actividades que no<br/>habían sido planificadas como: Revisión de reportes de venta diaria, manejo y<br/>actualización de los datos de aves, consumo de alimento y producción diaria,<br/>recolección de gallinaza, inventario de materiales, elaboración de rótulos de<br/>señalización, manejo de gallinas muertas, cubicación de madera, toma de muestras<br/>de sangre, inventario de aves en galpones.<br/>Dentro de las actividades de extensión y servicio se realizaron: La impartición de<br/>dos charlas a los trabajadores de la granja, tres Jornadas de vacunación en aves<br/>de patio a cuatro comunidades cercanas a la explotación, entrega de productos de<br/>donación a la Escuela de Tampó del municipio de Tactic; dichas actividades fueron<br/>a beneficio de la comunidad.<br/><br/>En la investigación inferencial se identificaron las medidas de bioseguridad empleadas en Granja Chisac S.A., siendo un aspecto muy importante para toda explotación pecuaria.
650 14 - PUNTO DE ACCESO ADICIONAL DE MATERIA--TÉRMINO DE MATERIA
Fuente del encabezamiento o término LEMB
Término de materia o nombre geográfico como elemento de entrada Tactic, Alta Verapaz.
Subdivisión general Zootecnia
-- Explotación
-- Vacunas
-- Gallinaza
-- Cubicación
-- Comunidad
700 ## - ENTRADA AGREGADA--NOMBRE PERSONAL
Nombre de persona Lic. Zoot. Julio Antonio Estrada Osorio
Término indicativo de función/relación Asesor
856 ## - LOCALIZACIÓN Y ACCESO ELECTRÓNICOS
Identificador Uniforme de Recurso <a href="https://drive.google.com/file/d/13gU1uAMkn5HG_SM-YNINt2OM-scztwYK/view">https://drive.google.com/file/d/13gU1uAMkn5HG_SM-YNINt2OM-scztwYK/view</a>
Texto de enlace PDF
Nota pública Un ejemplar en línea.
942 ## - ELEMENTOS DE ENTRADA SECUNDARIOS (KOHA)
Fuente de la clasificación o esquema de estantería Clasificación Decimal Dewey
Tipo de ítem Koha TESIS
Parte de la signatura que identifica el ejemplar (Parte del ítem) TZ 0038
Prefijo de la signatura Clasificación
Suprimir en OPAC No
-- TZ_0038_000000000000000
Existencias
Estatus retirado Estado de pérdida Fuente de la clasificación o esquema de estantería Estado de daño No para préstamo Colección Biblioteca de origen Biblioteca actual Ubicación en estantería Fecha de adquisición Número de inventario Total de préstamos Signatura topográfica completa Código de barras Visto por última vez Precio de reemplazo Tipo de ítem Koha
    Clasificación Decimal Dewey     tesis BIBLIOTECA- CUNOR -JOSÉ LUIS GONZALES ROSALES BIBLIOTECA- CUNOR -JOSÉ LUIS GONZALES ROSALES Colección tesis 16/09/2025 TZ 0038   TZ 0038 TZ 0038 16/09/2025 16/09/2025 TESIS